000 004210000a22001690004500
003 LK-CoMWRAF
008 230817t ||||| |||| 00| 0 eng d
040 _aLK-CoMWRAF
_dLK-CoMWRAF
_eLK-CoMWRAF
041 _aeng
082 _a370
_bSIN
100 _aSinnachami
245 _aNoyinry vala eliya marunthukal
_b
260 _aMadras
_bSarasu pathipakam
_c1996
300 _ap.232
650 _awomen & health
942 _cBK
999 _c2842
_d2842